00755nam a22001097a 4500008004100000100002100041245002100062260001200083300003100095520050700126773001200633221208b ||||| |||| 00| 0 eng d aChandra, Sharad  aCoastal erosion  aYojana  a66(11), Nov, 2022: p.17-28 aCoastal erosion is wearing away and redistributing sold elements of the shoreline as well as sediment, normally by such natural forces as waves, tidal and littoral currents, and deflation. The causes of erosion are either natural or man-made. Sometime, it is combination of both, natural and man-made factors. While the former is a relentless process that is often impossible to resists, the latter is often due to ill-planned activities and can certainly be contained, or even revered. – Reproduced  aYojana